000 00387nam a2200169Ia 4500
999 _c38830
_d38830
003 0100
005 20180129144555.0
008 130303s9999 xx 000 0 und d
040 _cARRUPELIB
050 _aDT61.M53
100 _aMertz, Barbara
_938985
245 _aRed land, black land:
_bthe world of the ancient Egyptians
260 _aNew York
_bCoward-McCann
_c1966
300 _a380p
650 _aEgyptology
_938986
942 _2lcc
_cMONOGRAPH